000 nam a22 7a 4500
999 _c7995
_d7995
008 171121b xxu||||| |||| 00| 0 eng d
100 _aMarryat.C.
_94449
245 _aThe children of the N.F.
260 _aLondon
_c1994